[Event "FRA-chT2D 0506"]
[Site "France"]
[Date "2006.02.05"]
[Round "7.3"]
[White "Kratochwil, Christian"]
[Black "Riff, Vincent"]
[Result "1/2-1/2"]
[WhiteElo "2259"]
[BlackElo "2306"]
[PlyCount "24"]
[EventDate "2005.10.27"]
[EventType "team-tourn"]
[EventRounds "11"]
[EventCountry "FRA"]
[SourceTitle "EXT 2006"]
[Source "ChessBase"]
[SourceDate "2005.11.24"]
[SourceVersion "1"]
[SourceVersionDate "2005.11.24"]
[SourceQuality "1"]
[WhiteTeam "Selestat"]
[BlackTeam "Mulhouse"]
[WhiteTeamCountry "FRA"]
[BlackTeamCountry "FRA"]

1. c4 Nf6 2. Nc3 e6 3. e4 d5 4. e5 Nfd7 5. cxd5 exd5 6. d4 Nb6 7. f4 Bf5 8. Bd3 Qd7 9. Nge2 h5 10. Ng3 Bg4 11. Be2 Bxe2 12. Ngxe2 Nc6 1/2-1/2

[Event "AUT-chT2W 0304"]
[Site "Austria"]
[Date "2003.11.16"]
[Round "5"]
[White "Kratochwil, Christian"]
[Black "Schmittdiel, Eckhard"]
[Result "0-1"]
[WhiteElo "2277"]
[BlackElo "2489"]
[PlyCount "96"]
[EventDate "2003.10.18"]
[EventType "team-tourn"]
[EventRounds "11"]
[EventCountry "AUT"]
[SourceTitle "CBM 097 Extra"]
[Source "ChessBase"]
[SourceDate "2004.01.13"]
[SourceVersion "1"]
[SourceVersionDate "2004.01.13"]
[SourceQuality "1"]
[WhiteTeam "Innsbruck"]
[BlackTeam "Absam"]
[WhiteTeamCountry "AUT"]
[BlackTeamCountry "AUT"]

1. c4 c5 2. g3 Nc6 3. Bg2 g6 4. Nc3 a6 5. a4 Bg7 6. e4 d6 7. d3 Nf6 8. Nge2 0-0 9. 0-0 Ne8 10. Be3 Nd4 11. Rb1 Nc7 12. b4 Nce6 13. Qd2 Bd7 14. bxc5 dxc5 15. Nd5 Nxe2+ 16. Qxe2 Bc6 17. f4 Nd4 18. Qf2 Rb8 19. Nb6 e6 20. g4 f5 21. gxf5 gxf5 22. e5 Bxg2 23. Kxg2 Kh8 24. Bxd4 cxd4 25. Kh1 Rg8 26. Rg1 Qc7 27. Qf3 Bh6 28. Rg3 a5 29. c5 Rxg3 30. hxg3 Bf8 31. Nc4 Bxc5 32. Kg2 Bb4 33. Rh1 Rg8 34. Rh6 Be1 35. Rh3 Rg7 36. Kf1 Bb4 37. Rh2 Qd7 38. Nb6 Qe8 39. Rc2 Bc3 40. Rh2 Kg8 41. Rh6 Bb4 42. Nc4 Bf8 43. Nxa5 Qxa4 44. Nc4 b5 45. Nd6 Rc7 46. Rh2 b4 47. Rf2 b3 48. g4 b2 0-1

[Event "AUT-chT2W 0203"]
[Site "Austria"]
[Date "2003.03.23"]
[Round "11"]
[White "Kratochwil, Christian"]
[Black "Gattenloehner, Sebastian"]
[Result "1/2-1/2"]
[WhiteElo "2319"]
[BlackElo "2216"]
[PlyCount "80"]
[EventDate "2002.10.??"]
[EventType "team"]
[EventRounds "11"]
[EventCountry "AUT"]
[SourceTitle "EXT 2004"]
[Source "ChessBase"]
[SourceDate "2003.11.25"]
[SourceVersion "1"]
[SourceVersionDate "2003.11.25"]
[SourceQuality "1"]

1. c4 c6 2. e4 d5 3. cxd5 cxd5 4. exd5 Qxd5 5. Nc3 Qd8 6. d4 Nf6 7. Bc4 e6 8. Nf3 Be7 9. 0-0 0-0 10. Ne5 Nc6 11. Nxc6 bxc6 12. Bg5 Qa5 13. Qd2 Rd8 14. Rad1 Bb7 15. Rfe1 Rac8 16. Bf4 Ba6 17. Bb3 Qb4 18. Be5 Rd7 19. Qf4 Rcd8 20. Re3 c5 21. Rg3 Rxd4 22. Rxd4 Rxd4 23. Qg5 Rg4 24. Rxg4 Qxg4 25. Bxf6 Qxg5 26. Bxg5 Bxg5 27. Ne4 Be7 28. f4 Bb7 29. Bc2 f5 30. Nd2 Bd5 31. b3 Bf6 32. g3 Bd4+ 33. Kf1 g6 34. Ke2 Kf8 35. Nf3 Bf6 36. Bd3 Ke7 37. h3 Kd6 38. g4 a5 39. Bb5 Bxf3+ 40. Kxf3 fxg4+ 1/2-1/2

[Event "BL2-Sued 0203"]
[Site "Germany"]
[Date "2003.02.09"]
[Round "6.5"]
[White "Wild, Rudolf"]
[Black "Kratochwil, Christian"]
[Result "0-1"]
[WhiteElo "2268"]
[BlackElo "2319"]
[PlyCount "104"]
[EventDate "2002.10.20"]
[EventType "team-tourn"]
[EventRounds "9"]
[EventCountry "GER"]
[SourceTitle "EXT 2004"]
[Source "ChessBase"]
[SourceDate "2003.11.25"]
[SourceVersion "1"]
[SourceVersionDate "2003.11.25"]
[SourceQuality "1"]
[WhiteTeam "Krumbach"]
[BlackTeam "Viernheim"]
[WhiteTeamCountry "GER"]
[BlackTeamCountry "GER"]

1. Nf3 c5 2. c4 g6 3. Nc3 Bg7 4. g3 Nc6 5. Bg2 e5 6. 0-0 Nge7 7. d3 0-0 8. Rb1 d6 9. a3 a5 10. Bd2 Rb8 11. Ne1 Be6 12. Nd5 b5 13. Nc2 b4 14. Nxe7+ Nxe7 15. e4 f5 16. Bh3 Qd7 17. f3 Nc6 18. Kg2 Kh8 19. Kh1 Rf7 20. axb4 axb4 21. b3 Rbf8 22. Bg2 h5 23. Ra1 f4 24. Ra6 g5 25. gxf4 exf4 26. d4 Nxd4 27. Nxd4 Bxd4 28. Bxb4 Rb8 29. Ba5 Be5 30. Qd3 Qe7 31. Bc3 Rd8 32. Rd1 Bxc3 33. Qxc3+ Kg8 34. Qd3 g4 35. e5 Bf5 36. Qd5 Be6 37. exd6 Qf6 38. Qe4 g3 39. h3 Bc8 40. Ra8 Kg7 41. Rxc8 Rxc8 42. Bf1 Rd8 43. Qc6 Qb2 44. Bg2 Qe5 45. b4 cxb4 46. Qd5 Qxd5 47. Rxd5 Ra7 48. Bf1 Ra1 49. Kg2 Ra2+ 50. Kg1 Rc2 51. c5 b3 52. Bd3 Ra8 0-1

[Event "FRA-chT2O 0203"]
[Site "France"]
[Date "2003.01.19"]
[Round "6.1"]
[White "Kratochwil, Christian"]
[Black "Kallai, Gabor"]
[Result "0-1"]
[WhiteElo "2319"]
[BlackElo "2501"]
[PlyCount "42"]
[EventDate "2002.10.??"]
[EventType "team"]
[EventRounds "11"]
[EventCountry "FRA"]
[SourceTitle "EXT 2004"]
[Source "ChessBase"]
[SourceDate "2003.11.25"]
[SourceVersion "1"]
[SourceVersionDate "2003.11.25"]
[SourceQuality "1"]
[WhiteTeam "Selestat"]
[BlackTeam "Strasbourg"]
[WhiteTeamCountry "FRA"]
[BlackTeamCountry "FRA"]

1. c4 c6 2. e4 d5 3. cxd5 cxd5 4. exd5 Nf6 5. Bb5+ Nbd7 6. Nc3 a6 7. Qa4 Rb8 8. Bxd7+ Qxd7 9. Qxd7+ Bxd7 10. d4 b5 11. a3 Bc8 12. Bf4 Ra8 13. Be5 Bb7 14. Bxf6 exf6 15. Nf3 Kd7 16. 0-0 Bd6 17. Nd2 Rac8 18. Rfe1 Rhe8 19. Re3 f5 20. Rae1 Rxe3 21. fxe3 Bxa3 0-1

[Event "FRA-chT2O 0203"]
[Site "France"]
[Date "2003.01.18"]
[Round "5.3"]
[White "Wornath, Kai Rudolf"]
[Black "Kratochwil, Christian"]
[Result "1-0"]
[WhiteElo "2398"]
[BlackElo "2319"]
[PlyCount "97"]
[EventDate "2002.10.??"]
[EventType "team"]
[EventRounds "11"]
[EventCountry "FRA"]
[SourceTitle "EXT 2004"]
[Source "ChessBase"]
[SourceDate "2003.11.25"]
[SourceVersion "1"]
[SourceVersionDate "2003.11.25"]
[SourceQuality "1"]
[WhiteTeam "Saverne"]
[BlackTeam "Selestat"]
[WhiteTeamCountry "FRA"]
[BlackTeamCountry "FRA"]

1. d4 Nf6 2. c4 e6 3. Nf3 d5 4. Bg5 Be7 5. Nc3 h6 6. Bh4 0-0 7. e3 b6 8. cxd5 Nxd5 9. Bxe7 Qxe7 10. Nxd5 exd5 11. Rc1 Be6 12. Qa4 c5 13. dxc5 bxc5 14. Qa3 Rc8 15. Bb5 Qb7 16. Rxc5 Rxc5 17. Qxc5 Na6 18. Qc6 Qxc6 19. Bxc6 Rc8 20. Ba4 Rc1+ 21. Bd1 Rb1 22. 0-0 Rxb2 23. Bb3 Nc5 24. Nd4 a5 25. Ra1 a4 26. Bc2 Kf8 27. a3 Bd7 28. Kf1 Ne6 29. Bf5 Ke7 30. Bxe6 fxe6 31. f4 Bb5+ 32. Kg1 Bd3 33. Rc1 Be4 34. Rc7+ Kf6 35. g4 Rg2+ 36. Kf1 Rxh2 37. Rc6 Ra2 38. Rxe6+ Kf7 39. f5 g6 40. Rxg6 Rxa3 41. Kf2 Ra2+ 42. Kg3 h5 43. gxh5 Rg2+ 44. Kf4 Rxg6 45. fxg6+ Kf6 46. Nb5 Bc2 47. Nc7 Bb3 48. Ne8+ Ke7 49. h6 1-0

[Event "AUT-chT2W 0203"]
[Site "Austria"]
[Date "2002.12.01"]
[Round "6"]
[White "Hoellrigl, Wilfried"]
[Black "Kratochwil, Christian"]
[Result "1/2-1/2"]
[WhiteElo "2219"]
[BlackElo "2319"]
[PlyCount "84"]
[EventDate "2002.10.??"]
[EventType "team"]
[EventRounds "11"]
[EventCountry "AUT"]
[SourceTitle "EXT 2004"]
[Source "ChessBase"]
[SourceDate "2003.11.25"]
[SourceVersion "1"]
[SourceVersionDate "2003.11.25"]
[SourceQuality "1"]

1. e4 c5 2. Nf3 g6 3. c3 Bg7 4. d4 cxd4 5. cxd4 d5 6. exd5 Nf6 7. Nc3 0-0 8. Qb3 Nbd7 9. d6 exd6 10. Be2 Nb6 11. 0-0 Be6 12. Qd1 Nfd5 13. Bg5 Nxc3 14. bxc3 Qc7 15. Qd2 Rac8 16. Rac1 Bc4 17. Rfe1 Rfe8 18. Bxc4 Nxc4 19. Qd3 d5 20. Rxe8+ Rxe8 21. Re1 Rxe1+ 22. Nxe1 h6 23. Be3 Qa5 24. Qc2 Nd6 25. Nf3 Qb5 26. h3 a5 27. Qc1 Kh7 28. Bf4 Nc4 29. Qe1 Qd7 30. h4 Qf5 31. Bg3 Qe6 32. Qb1 Qc6 33. h5 Bf6 34. hxg6+ fxg6 35. Qe1 Kg7 36. Be5 Qe6 37. Bxf6+ Kxf6 38. Qb1 b6 39. Qd1 g5 40. Nd2 Nd6 41. a4 Kg7 42. Qb1 Nf5 1/2-1/2

[Event "AUT-chT2W 0203"]
[Site "Austria"]
[Date "2002.11.29"]
[Round "4"]
[White "Halasz, Tamas"]
[Black "Kratochwil, Christian"]
[Result "1-0"]
[WhiteElo "2386"]
[BlackElo "2319"]
[PlyCount "89"]
[EventDate "2002.10.??"]
[EventType "team"]
[EventRounds "11"]
[EventCountry "AUT"]
[SourceTitle "EXT 2004"]
[Source "ChessBase"]
[SourceDate "2003.11.25"]
[SourceVersion "1"]
[SourceVersionDate "2003.11.25"]
[SourceQuality "1"]

1. d4 Nf6 2. Nf3 e6 3. c4 d5 4. Nc3 Be7 5. Bg5 h6 6. Bxf6 Bxf6 7. e3 0-0 8. Rc1 c6 9. Bd3 Nd7 10. 0-0 dxc4 11. Bxc4 e5 12. h3 exd4 13. exd4 Nb6 14. Bb3 Re8 15. Re1 Bf5 16. Qd2 Qd6 17. Rxe8+ Rxe8 18. Re1 Rxe1+ 19. Qxe1 Kf8 20. Qe3 Nd5 21. Nxd5 cxd5 22. Ne5 Bxe5 23. dxe5 Qb4 24. Bxd5 Qxb2 25. g4 Bd7 26. Qxa7 Qxe5 27. Qxb7 Be8 28. Kg2 h5 29. Qb4+ Kg8 30. Qe4 Qxe4+ 31. Bxe4 hxg4 32. hxg4 Kf8 33. Kf3 Ke7 34. Ke3 g5 35. Kd4 Kd6 36. Bc2 Bd7 37. Bd1 Bc6 38. a4 f6 39. a5 Bb5 40. Bc2 Be2 41. Be4 Ba6 42. Bd3 Bc8 43. a6 Kc6 44. a7 Kb7 45. Bf5 1-0

[Event "BL2-Sued 0102"]
[Site "Germany"]
[Date "2002.03.17"]
[Round "7.6"]
[White "Kratochwil, Christian"]
[Black "Pfrommer, Christoph"]
[Result "1/2-1/2"]
[WhiteElo "2246"]
[BlackElo "2313"]
[PlyCount "22"]
[EventDate "2001.10.07"]
[EventType "team-tourn"]
[EventRounds "9"]
[EventCountry "GER"]
[SourceTitle "CBM 088 Extra"]
[Source "ChessBase"]
[SourceDate "2002.07.01"]
[SourceVersion "2"]
[SourceVersionDate "2002.07.01"]
[SourceQuality "1"]
[WhiteTeam "Viernheim"]
[BlackTeam "Karlsruhe"]
[WhiteTeamCountry "GER"]
[BlackTeamCountry "GER"]

1. c4 g6 2. e4 d6 3. d4 e5 4. Nf3 Bg7 5. Nc3 Bg4 6. d5 a5 7. Be3 Na6 8. Be2 Bxf3 9. Bxf3 Kf8 10. Qd2 h5 11. b3 Bh6 1/2-1/2

[Event "AUT-chT2W 0102"]
[Site "Austria"]
[Date "2002.03.10"]
[Round "11.3"]
[White "Kratochwil, Christian"]
[Black "Scheffknecht, Philipp"]
[Result "1/2-1/2"]
[WhiteElo "2246"]
[BlackElo "2161"]
[PlyCount "130"]
[EventDate "2001.10.12"]
[EventType "team"]
[EventRounds "11"]
[EventCountry "AUT"]
[SourceTitle "EXT 2002"]
[Source "ChessBase"]
[SourceDate "2001.11.25"]
[SourceVersion "1"]
[SourceVersionDate "2001.11.25"]
[SourceQuality "1"]

1. c4 Nf6 2. Nc3 e5 3. Nf3 Nc6 4. g3 d5 5. cxd5 Nxd5 6. Bg2 Nb6 7. 0-0 Be7 8. a4 a5 9. Nb5 0-0 10. d4 exd4 11. Nfxd4 Nxd4 12. Qxd4 Qxd4 13. Nxd4 c6 14. Bf4 Bf6 15. Rfd1 Rd8 16. Bc7 Rxd4 17. Rxd4 Bxd4 18. Rd1 Bf6 19. Bxb6 Be6 20. Rd2 g6 21. h4 Ra6 22. Bc5 Bb3 23. Rd7 b6 24. Bd4 Bxd4 25. Rxd4 b5 26. Rd8+ Kg7 27. Rc8 Bxa4 28. Bxc6 Rb6 29. Bd5 b4 30. Ra8 Bd1 31. Rxa5 Bxe2 32. Ra7 Rd6 33. Bxf7 Rd2 34. b3 Kh8 35. Kg2 Rd3 36. Bc4 Bf3+ 37. Kh2 Rd6 38. Rf7 Be4 39. g4 h5 40. gxh5 gxh5 41. f3 Bd5 42. Bxd5 Rxd5 43. Rf4 Rb5 44. Kg3 Kg7 45. Kf2 Kg6 46. Ke3 Rb8 47. Kd4 Rc8 48. Ke5 Rc5+ 49. Kd6 Rc3 50. Rxb4 Rxf3 51. Ke5 Rh3 52. Rb6+ Kf7 53. b4 Rxh4 54. b5 Ke7 55. Kd5 Kd7 56. Rb7+ Kc8 57. Rh7 Rh1 58. Kc6 Rc1+ 59. Kb6 Rh1 60. Rh8+ Kd7 61. Kb7 h4 62. b6 h3 63. Kb8 h2 64. Rh7+ Ke8 65. b7 Kd8 1/2-1/2

[Event "BL2-Sued 0102"]
[Site "Germany"]
[Date "2002.02.24"]
[Round "6.8"]
[White "Rudolph, Johannes"]
[Black "Kratochwil, Christian"]
[Result "0-1"]
[WhiteElo "2245"]
[BlackElo "2246"]
[PlyCount "98"]
[EventDate "2001.10.07"]
[EventType "team-tourn"]
[EventRounds "9"]
[EventCountry "GER"]
[SourceTitle "CBM 088 Extra"]
[Source "ChessBase"]
[SourceDate "2002.07.01"]
[SourceVersion "2"]
[SourceVersionDate "2002.07.01"]
[SourceQuality "1"]
[WhiteTeam "Kirchheim"]
[BlackTeam "Viernheim"]
[WhiteTeamCountry "GER"]
[BlackTeamCountry "GER"]

1. d4 d6 2. c4 e5 3. Nf3 Nd7 4. Nc3 g6 5. c5 Ngf6 6. cxd6 cxd6 7. g3 Bg7 8. Bg2 0-0 9. 0-0 e4 10. Ne1 d5 11. Qb3 Nb6 12. a4 Be6 13. a5 Nc4 14. Qb4 Qd6 15. Qa4 Qd7 16. b3 Qxa4 17. Rxa4 Nd6 18. Nc2 Rfc8 19. Bd2 Nb5 20. Nxb5 Rxc2 21. Bf4 Bd7 22. Rb4 Bf8 23. Bd6 Bxb5 24. Bxf8 Bxe2 25. Be7 Bxf1 26. Bxf1 Ng4 27. Rb5 Nxf2 28. Rxd5 Rac8 29. Rc5 R8xc5 30. Bxc5 e3 31. Be2 Ne4 32. Bxa7 Rc8 33. Kg2 Rc2 34. Kf3 Nc3 35. Bd3 e2 36. Kf2 Rc1 37. Bxe2 Rc2 38. Ke3 Nxe2 39. Kd3 Ra2 40. b4 Kf8 41. d5 Ke7 42. Kc4 Kd7 43. Be3 Ra3 44. Bc5 f5 45. Kb5 Nc3+ 46. Kb6 Nxd5+ 47. Kxb7 Nxb4 48. a6 Rxa6 49. Bxb4 Ra2 0-1

[Event "AUT-chT2W 0102"]
[Site "Austria"]
[Date "2002.01.12"]
[Round "7.3"]
[White "Angerer, Helmut"]
[Black "Kratochwil, Christian"]
[Result "0-1"]
[WhiteElo "2162"]
[BlackElo "2246"]
[PlyCount "111"]
[EventDate "2001.10.12"]
[EventType "team"]
[EventRounds "11"]
[EventCountry "AUT"]
[SourceTitle "EXT 2002"]
[Source "ChessBase"]
[SourceDate "2001.11.25"]
[SourceVersion "1"]
[SourceVersionDate "2001.11.25"]
[SourceQuality "1"]

1. b3 e5 2. Bb2 Nc6 3. e3 g6 4. Ne2 Bg7 5. d4 e4 6. c4 f5 7. Nbc3 Nf6 8. Nf4 0-0 9. c5 b6 10. b4 Kh8 11. a3 bxc5 12. bxc5 Rb8 13. Rb1 d6 14. cxd6 cxd6 15. Bc4 Na5 16. Ba2 Qc7 17. Ncd5 Nxd5 18. Nxd5 Qc6 19. Nb4 Qd7 20. 0-0 Bb7 21. Qe2 f4 22. exf4 Rxf4 23. d5 Rbf8 24. Rbe1 Bc8 25. Bb1 Nb3 26. Bxe4 a5 27. Nc6 Nc5 28. Bd3 Qf7 29. Ne7 Bb7 30. f3 Bxd5 31. Bxg7+ Kxg7 32. Qb2+ Rf6 33. Bb5 Bc4 34. Rf2 Bxb5 35. Qxb5 Re6 36. Qb2+ Qf6 37. Rxe6 Qxb2 38. Rxb2 Nxe6 39. Nd5 Nc5 40. Rb6 Rd8 41. Rc6 Kf7 42. Nb6 Ke6 43. Kf2 Rb8 44. Ke3 a4 45. h4 h6 46. g4 g5 47. h5 Rb7 48. Kd4 Nb3+ 49. Ke3 Na5 50. Rc8 Rxb6 51. Rh8 Ke5 52. Rxh6 Nc4+ 53. Kf2 d5 54. Rh8 Rb2+ 55. Kg3 Nd2 56. Re8+ 0-1

[Event "FRA-chT2"]
[Site "France"]
[Date "2001.11.??"]
[Round "2"]
[White "Bastian, Herbert"]
[Black "Kratochwil, Christian"]
[Result "1-0"]
[WhiteElo "2353"]
[BlackElo "2246"]
[PlyCount "79"]
[EventDate "2002.??.??"]
[EventType "team"]
[EventRounds "11"]
[EventCountry "FRA"]
[SourceTitle "EXT 2003"]
[Source "ChessBase"]
[SourceDate "2002.11.25"]
[SourceVersion "1"]
[SourceVersionDate "2002.11.25"]
[SourceQuality "1"]

1. e4 d5 2. exd5 Nf6 3. d4 Bg4 4. Nf3 Qxd5 5. Be2 e6 6. h3 Bh5 7. 0-0 Nc6 8. Re1 0-0-0 9. Be3 Qd6 10. Nbd2 Nd5 11. Ne4 Qd7 12. Ng3 Nxe3 13. fxe3 Bg6 14. c3 Qd6 15. Nf1 e5 16. Qa4 exd4 17. exd4 Be4 18. N1d2 Bd5 19. Bc4 f6 20. b4 Kb8 21. Qc2 Bxc4 22. Nxc4 Qd5 23. Ne3 Qh5 24. a4 Bd6 25. Nf5 g6 26. Nxd6 Rxd6 27. b5 Nd8 28. Re7 Re6 29. Re1 Rxe1+ 30. Nxe1 Qd5 31. Nd3 Qd6 32. Qe2 a6 33. Nc5 axb5 34. axb5 Qd5 35. Rd7 Qg5 36. Qe4 Qc1+ 37. Kh2 Kc8 38. b6 cxb6 39. Rxd8+ Kxd8 40. Qd5+ 1-0

[Event "AUT-chT2W 0102"]
[Site "Austria"]
[Date "2001.10.14"]
[Round "3.3"]
[White "Kratochwil, Christian"]
[Black "Duer, Arne"]
[Result "1/2-1/2"]
[WhiteElo "2246"]
[BlackElo "2365"]
[PlyCount "31"]
[EventDate "2001.10.12"]
[EventType "team"]
[EventRounds "11"]
[EventCountry "AUT"]
[SourceTitle "EXT 2002"]
[Source "ChessBase"]
[SourceDate "2001.11.25"]
[SourceVersion "1"]
[SourceVersionDate "2001.11.25"]
[SourceQuality "1"]

1. Nf3 c5 2. c4 g6 3. e4 Bg7 4. d4 cxd4 5. Nxd4 Nc6 6. Be3 Nf6 7. Nc3 Ng4 8. Qxg4 Nxd4 9. Qd1 Ne6 10. Rc1 Qa5 11. Qd2 b6 12. Bd3 Bb7 13. 0-0 Rc8 14. Rfd1 d6 15. Bf1 Bc6 16. Nd5 1/2-1/2

[Event "BL2-Sued 0001"]
[Site "Germany"]
[Date "2001.03.11"]
[Round "7.3"]
[White "Delemarre, Jop"]
[Black "Kratochwil, Christian"]
[Result "1-0"]
[WhiteElo "2347"]
[BlackElo "2250"]
[PlyCount "39"]
[EventDate "2000.10.15"]
[EventType "team-tourn"]
[EventRounds "9"]
[EventCountry "GER"]
[SourceTitle "CBM 082 Extra"]
[Source "ChessBase"]
[SourceDate "2001.07.03"]
[SourceVersion "1"]
[SourceVersionDate "2001.07.03"]
[SourceQuality "1"]
[WhiteTeam "Karlsruhe"]
[BlackTeam "Viernheim"]
[WhiteTeamCountry "GER"]
[BlackTeamCountry "GER"]

1. d4 Nf6 2. c4 e5 3. dxe5 Ne4 4. a3 b6 5. Qc2 Bb7 6. Nd2 Nxd2 7. Bxd2 Bc5 8. Nf3 0-0 9. Ng5 g6 10. h4 Nc6 11. h5 Nxe5 12. Nxh7 Kxh7 13. hxg6+ Kg7 14. Bh6+ Kg8 15. g7 Bxf2+ 16. Kd1 Re8 17. Bg5 Ng6 18. Bxd8 Raxd8 19. Qc3 Re5 20. Rh8+ 1-0

[Event "BL2-Sued 0001"]
[Site "Germany"]
[Date "2001.01.28"]
[Round "5.5"]
[White "Rodewis, Thomas"]
[Black "Kratochwil, Christian"]
[Result "1-0"]
[WhiteElo "2239"]
[BlackElo "2250"]
[PlyCount "35"]
[EventDate "2000.10.15"]
[EventType "team-tourn"]
[EventRounds "9"]
[EventCountry "GER"]
[SourceTitle "CBM 082 Extra"]
[Source "ChessBase"]
[SourceDate "2001.07.03"]
[SourceVersion "1"]
[SourceVersionDate "2001.07.03"]
[SourceQuality "1"]
[WhiteTeam "Bayern Muenchen"]
[BlackTeam "Viernheim"]
[WhiteTeamCountry "GER"]
[BlackTeamCountry "GER"]

1. d4 Nf6 2. c4 g6 3. Nc3 Bg7 4. e4 d6 5. f3 0-0 6. Bg5 Nbd7 7. Nh3 e5 8. d5 h6 9. Be3 Nh5 10. Qd2 Kh7 11. 0-0-0 a5 12. Be2 Nc5 13. g4 a4 14. Ng5+ hxg5 15. gxh5 gxh5 16. Rdg1 Bh3 17. Rxg5 Rh8 18. Rhg1 1-0

[Event "AUT-chT2W 0001"]
[Site "Austria"]
[Date "2000.11.26"]
[Round "5.4"]
[White "Neuschmied, Siegfried"]
[Black "Kratochwil, Christian"]
[Result "0-1"]
[WhiteElo "2179"]
[BlackElo "2250"]
[PlyCount "80"]
[EventDate "2000.??.??"]
[EventType "team"]
[EventRounds "9"]
[EventCountry "AUT"]
[SourceTitle "EXT 2002"]
[Source "ChessBase"]
[SourceDate "2001.11.25"]
[SourceVersion "1"]
[SourceVersionDate "2001.11.25"]
[SourceQuality "1"]

1. e4 c5 2. Nf3 g6 3. c3 Bg7 4. d4 cxd4 5. cxd4 d5 6. e5 Nc6 7. h3 f6 8. exf6 exf6 9. Nc3 Nge7 10. Be2 Be6 11. 0-0 0-0 12. b3 Re8 13. Ba3 Nf5 14. Re1 Qa5 15. Bb2 Bf7 16. a3 Qb6 17. Na4 Qd8 18. Nc5 Nd6 19. Rc1 Rc8 20. Bd3 b6 21. Rxe8+ Qxe8 22. Na4 Bh6 23. Rc2 Ne7 24. Nc3 Qd7 25. Bc1 Bxc1 26. Qxc1 Be6 27. Ba6 Rc7 28. Qf4 Bf5 29. Rc1 Ne4 30. Nb5 Rxc1+ 31. Qxc1 Kg7 32. Qf4 g5 33. Qb8 Nc6 34. Qc7 Qxc7 35. Nxc7 Nc3 36. Kf1 Kf7 37. Bb7 Bd7 38. a4 Ke7 39. Nb5 Nxb5 40. axb5 Nb4 0-1

[Event "AUT-chT2W 0001"]
[Site "Austria"]
[Date "2000.10.29"]
[Round "3.3"]
[White "Kratochwil, Christian"]
[Black "Pilz, Dieter"]
[Result "1-0"]
[WhiteElo "2250"]
[BlackElo "2312"]
[PlyCount "55"]
[EventDate "2000.??.??"]
[EventType "team"]
[EventRounds "9"]
[EventCountry "AUT"]
[SourceTitle "EXT 2002"]
[Source "ChessBase"]
[SourceDate "2001.11.25"]
[SourceVersion "1"]
[SourceVersionDate "2001.11.25"]
[SourceQuality "1"]

1. c4 Nf6 2. Nc3 c5 3. Nf3 g6 4. g3 Bg7 5. Bg2 0-0 6. 0-0 Nc6 7. d4 cxd4 8. Nxd4 d6 9. Nxc6 bxc6 10. Qa4 Be6 11. Qxc6 Rc8 12. Qa6 Rxc4 13. Qxa7 Ng4 14. Nd5 Re8 15. Nf4 Bd7 16. h3 Ne5 17. Bd2 Rc7 18. Qa6 Qb8 19. Nd5 Rc2 20. Bc3 Bb5 21. Qb6 e6 22. Qxb8 Rxb8 23. Ne3 Rxe2 24. a4 Ba6 25. Rfd1 d5 26. Bxe5 Bxe5 27. Bf1 Bxb2 28. Rab1 1-0

[Event "BL2-Sued 9900"]
[Site "Germany"]
[Date "2000.02.20"]
[Round "6.3"]
[White "Jirovsky, Milos"]
[Black "Kratochwil, Christian"]
[Result "1-0"]
[WhiteElo "2458"]
[BlackElo "2258"]
[PlyCount "77"]
[EventDate "1999.10.10"]
[EventType "team-tourn"]
[EventRounds "9"]
[EventCountry "GER"]
[SourceTitle "CBM 075 Extra"]
[Source "ChessBase"]
[SourceDate "2000.05.11"]
[SourceVersion "2"]
[SourceVersionDate "2000.05.11"]
[SourceQuality "1"]
[WhiteTeam "Pasing"]
[BlackTeam "Viernheim"]
[WhiteTeamCountry "GER"]
[BlackTeamCountry "GER"]

1. c4 Nf6 2. Nc3 c5 3. g3 g6 4. Bg2 Bg7 5. Nf3 0-0 6. 0-0 Nc6 7. d4 cxd4 8. Nxd4 Ng4 9. e3 d6 10. Nce2 h5 11. h3 Nxd4 12. Nxd4 Ne5 13. b3 Nc6 14. Bb2 Nxd4 15. Bxd4 Qa5 16. Qe2 Be6 17. Rac1 Rab8 18. Qb2 Bxd4 19. exd4 Qg5 20. Qe2 a6 21. b4 Rfc8 22. Rfe1 d5 23. h4 Qh6 24. c5 b6 25. a3 Qg7 26. Qd2 Rc6 27. Qf4 Rd8 28. Re5 Kh7 29. Qe3 Qh6 30. Qe1 Qg7 31. Rc3 bxc5 32. bxc5 Rb8 33. Bxd5 Bxd5 34. Rxd5 Qf6 35. Qe4 Kg8 36. Re5 Rc7 37. Rf3 Qc6 38. Qxc6 Rxc6 39. Rxe7 1-0

[Event "Bodensee-Cup 6th"]
[Site "Germany"]
[Date "2000.??.??"]
[Round "?.6"]
[White "Ortmann, David"]
[Black "Kratochwil, Christian"]
[Result "1/2-1/2"]
[WhiteElo "2190"]
[BlackElo "2258"]
[PlyCount "33"]
[EventDate "2000.??.??"]
[EventType "team"]
[EventRounds "3"]
[EventCountry "GER"]
[SourceTitle "EXT 2001"]
[Source "ChessBase"]
[SourceDate "2000.11.22"]
[SourceVersion "1"]
[SourceVersionDate "2000.11.22"]
[SourceQuality "1"]
[WhiteTeam "Wuerttemberg II"]
[BlackTeam "Baden II"]
[WhiteTeamCountry "GER"]
[BlackTeamCountry "GER"]

1. d4 Nf6 2. c4 g6 3. Nc3 Bg7 4. e4 d6 5. Nf3 0-0 6. Be2 e5 7. 0-0 exd4 8. Nxd4 Re8 9. f3 Nc6 10. Be3 Nh5 11. Qd2 Nf4 12. Nxc6 Nxe2+ 13. Nxe2 bxc6 14. Rad1 Qe7 15. Rfe1 Be6 16. b3 a5 17. Nd4 1/2-1/2

[Event "BL2-Sued 9900"]
[Site "Germany"]
[Date "1999.10.10"]
[Round "1.5"]
[White "Kratochwil, Christian"]
[Black "Roemer, Ulrich"]
[Result "1/2-1/2"]
[WhiteElo "2258"]
[BlackElo "2291"]
[PlyCount "74"]
[EventDate "1999.10.10"]
[EventType "team-tourn"]
[EventRounds "9"]
[EventCountry "GER"]
[SourceTitle "CBM 074 Extra"]
[Source "ChessBase"]
[SourceDate "2000.03.10"]
[SourceVersion "2"]
[SourceVersionDate "2000.03.10"]
[SourceQuality "1"]
[WhiteTeam "Viernheim"]
[BlackTeam "Ulm"]
[WhiteTeamCountry "GER"]
[BlackTeamCountry "GER"]

1. c4 d6 2. Nc3 e5 3. g3 Nf6 4. Bg2 g6 5. Nf3 Bg7 6. d4 exd4 7. Nxd4 0-0 8. 0-0 Nbd7 9. b3 Re8 10. Bb2 c6 11. Qc2 a5 12. Rad1 Nc5 13. h3 Qe7 14. Kh2 h5 15. Bc1 h4 16. gxh4 Nfe4 17. Nxe4 Nxe4 18. Qxe4 Qxe4 19. Bxe4 Rxe4 20. Nf3 Rxe2 21. Rxd6 Bf5 22. Rfd1 Rae8 23. Kg3 Bc2 24. R1d2 Rxd2 25. Bxd2 a4 26. bxa4 Bxa4 27. Rd7 b5 28. cxb5 cxb5 29. Rb7 Bf8 30. Ng5 Bd6+ 31. Bf4 Re7 32. Rb6 Bc5 33. Rb8+ Kg7 34. Rc8 Ba3 35. Be3 Bd6+ 36. Bf4 Ba3 37. Be3 Bd6+ 1/2-1/2